000 00387nam a22001697a 4500
005 20160622105125.0
008 160622b xxu||||| |||| 00| 0 eng d
020 _a978-81-203-3203-4
041 _aeng
082 _b8915
100 _aKhanna,R.B
_92455
245 _aProduction and Operations Mgt.
260 _bPHI
_c2008
300 _a491
650 _aManagement
_9241
942 _cBK
999 _c3488
_d3487